000 00512nam a2200193Ia 4500
003 OSt
005 20230510093113.0
008 210423s1996 xx 000 0 und d
040 _cAL
041 _aeng
082 _a301
_223
_bMACS
100 _aMACIVER (C M);PAGE (Charles H).
_9101844
245 _aSociety: an introductory analysis.
260 _aMadras
_bMacmillan India Ltd
_c1996
300 _a454
_bPB
365 _b238
_cINR
906 _aan ; analysis. ; introductory ; Society:
942 _2ddc
_cBK
999 _c171726
_d171726